| 000 | 00945cam a22002771a 4500 | ||
|---|---|---|---|
| 001 | sa 68018708 | ||
| 003 | DLC | ||
| 005 | 20260227112714.0 | ||
| 008 | 970320s1967 ii 000 0 malr | ||
| 010 | _asa 68018708 | ||
| 025 | _aI-Mal-1481 | ||
| 035 | _a(OCoLC)36584627 | ||
| 040 |
_aDLC _cICRL _dDLC |
||
| 042 | _apremarc | ||
| 050 | 0 | 0 |
_aBF1623.P9 _bT5 |
| 100 | 1 | _aTōmas, Bi. | |
| 245 | 1 | 0 |
_aSaṅkhyājōtiṣaṃ / _cBi. Tōmas. |
| 260 |
_a[Kōṭṭayaṃ?] : _bJ. Johnson ; _aKōṭṭayaṃ : _bvitaraṇaṃ, Nāṣanal Bukkst̲t̲āḷ, _c1967. |
||
| 300 |
_a267 p. : _bill. ; _c19 cm. |
||
| 500 | _a"85 varṣatte kalaṇṭar̲uṃ, Kollavarṣaṃ 1057-1143 Kr̲istuvarṣaṃ 1881-1968"--Cover. | ||
| 520 | _aTreatise on numerology based on Cheiro's book of numbers. | ||
| 546 | _aIn Malayalam. | ||
| 650 | 0 | _aSymbolism of numbers. | |
| 650 | 0 | _aNumerology. | |
| 600 | 0 | 0 |
_aCheiro, _d1866-1936. _tCheiro's book of numbers. |
| 999 |
_c88600 _d88600 |
||